000 00369cam a22001337a 4500
008 180718b1977 xxu||||| |||| 00| 0 eng d
082 _aI5135x42 Un3
245 _aCreation of the D.O.E.
_cby Paul Draper
260 _aLondon
_bH.M.S.O.
_c1977
300 _a239+p
440 _aCivil Services Studies No.4
700 _aParris, H., series editor
700 _aDraper, Paul
999 _c491309
_d491309